Missing Word: Emma Thompson Quiz Stats

 Plays Quiz Updated Jun 10, 2016

Challenge
Share
Tweet
Embed
Score 0/14 Timer 03:00
0 Plays Today
Film Missing Word % Correct
Much _____ About NothingAdo
98%
Sense and _____Sensibility
95.9%
Men in _____ 3Black
95.7%
_____ McPheeNanny
91.9%
Harry Potter and the _____ of AzkabanPrisoner
90.9%
Stranger Than _____Fiction
90.8%
Love _____Actually
82.5%
Film Missing Word % Correct
In the Name of the _____Father
76.8%
Saving Mr. _____Banks
74%
_____ EndHowards
65.4%
_____ RevisitedBrideshead
60.9%
Last _____ HarveyChance
54.2%
_____ Planet*Treasure
33.3%
_____ RadioPirate
28.5%

Today's Daily Dose

Missing Word
Biopics

Word Ladder
Food Idioms

Quick Pick
Diets

On This Day
December 18th II

You're not logged in!

Compare scores with friends on all Sporcle quizzes.
OR
Log In

You Might Also Like...

Show Comments

Extras

Top Quizzes Today


Score Distribution

Your Account Isn't Verified!

In order to create a playlist on Sporcle, you need to verify the email address you used during registration. Go to your Sporcle Settings to finish the process.

Report this User

Report this user for behavior that violates our Community Guidelines.

Details: